| 000 | 00404nam a22001697a 4500 | ||
|---|---|---|---|
| 005 | 20260619090105.0 | ||
| 020 | _a9788123440347 | ||
| 041 | _aEnglish | ||
| 082 | _aT16 R25 STE | ||
| 100 | _aStephen Jeyaseela | ||
| 245 | _aFrenchiyar Aatchiyil Puducherry Mallalin Samooga Vaazhkkai 1674-1793 | ||
| 250 | _a01 | ||
| 260 |
_aChennai _bNCBH _c2025 |
||
| 300 | _a166 | ||
| 365 | _b160.00 | ||
| 942 | _cBK | ||
| 999 |
_c177953 _d177953 |
||